| 000 | 00635nam a22002297a 4500 | ||
|---|---|---|---|
| 003 | OSt | ||
| 005 | 20220107122743.0 | ||
| 008 | 140522b xxu||||| |||| 00| 0 eng d | ||
| 020 | _a9788126535576 | ||
| 040 | _cIIITM-K | ||
| 082 | _a005.432A LEE/A | ||
| 100 |
_aLee, Wei-Meng _94788 |
||
| 245 |
_aBeginning Android 4 application development _cby Wei-Meng Lee |
||
| 260 |
_aNew Delhi, _bWiley, _c2012. |
||
| 300 | _axxvi, 533p. | ||
| 650 |
_aCOMPUTER SCIENCE _94789 |
||
| 650 |
_aCOMPUTER PROGRAMMING _94793 |
||
| 650 |
_aOPERATING SYSTEMS _94790 |
||
| 650 |
_aWEB APPLICATION _94791 |
||
| 650 |
_aANDROID _94792 |
||
| 942 |
_2ddc _cBK |
||
| 999 |
_c4057 _d4057 |
||